00881nam a2200241Ia 4500001000600000003000900006008004100015040001300056040001300069041001300082100002000095100002900115245005200144245008300196250001100279260001300290260002500303260004900328300005700377500013200434650004200566650003100608B3816IT-RoPAU130308s9999 xx 000 0 und d aIT-RoPAU cIT-RoPAU aSPAGNOLO aBerning Conrado gCodice Aut. SPICS: 36195 aVerbo filmes: una experiencia en video pastoral bImagen nuestra de cada Dia (La)-Situacion del video pastoral En America Latina a1a ed. aCOLOMBIA bEdizioni Paoline Fsp c1992 [1° Ed.:1992 - Ed.Ling.Originale:1992] a"5 p. (prefazione: no ; testo: 5 [pagine: 127-131])" aUna Esperienza in video Pastorale della Verbo Filmes. Produzione Alternativa e Diffusione. Commercializzazione e Distribuzione. aSAGGI PASTORALE COMUNICAZIONE SOCIALE eCodice materia Spics: 9311